Forma de hacer los entierros assi de personas grandes como de pequeños de que usa la Cathedral de México

Detalles Bibliográficos
Formato: Libro
Lenguaje:Undetermined
Spanish
Publicado: Mexico : en la imprenta Nueva de la Bibliotheca Mexicana, 1754.
Materias:
Colección:Banco de datos
Acervo:Biblioteca Palafoxiana. Colección bibliográfica
Descripción Física:[20] h. ; 4°
Tema general:Pastoral
Notas:Número de localización: 16765-D
LEADER 00602nam a2200169Ia 4500
008 150723s9999 xx 000 0 und d
041 0 |a spa 
050 0 |a PAFX BV4020 F6 
245 1 0 |a Forma de hacer los entierros assi de personas grandes como de pequeños de que usa la Cathedral de México 
260 |a Mexico : en la imprenta Nueva de la Bibliotheca Mexicana, 1754. 
300 |a [20] h. ; 4° 
500 |a Número de localización: 16765-D 
501 |a Encuadernado con 3 obras 
650 1 0 |a Pastoral 
942 |c PALALIB 
943 |g Biblioteca Palafoxiana. Colección bibliográfica 
999 |c 1057076  |d 1057076